| 000 | 01076nam a2200265 a 4500 | ||
|---|---|---|---|
| 001 | 000015827 | ||
| 005 | 20200929164152.0 | ||
| 008 | 100219s1985 dr 001 0 spa d | ||
| 040 |
_aDO-SdBNP _bspa _cBNPHU |
||
| 082 |
_a336.271 _bH565v |
||
| 100 | 1 |
_aHerrera Morla, Miguel Ángel _935627 |
|
| 245 | 1 | 4 |
_aLas ventas condicionales, el régimen de lo percibido y el impuesto sobre la renta diferido / _cMiguel Ángel Herrera Morla; prólogo Miguel Bienvenido de la Cruz R. |
| 260 |
_aSanto Domingo : _bTaller, _c1985. |
||
| 300 |
_a66 p. : _bil. ; _c23 cm. |
||
| 500 | _aIncluye datos biográficos del autor en la contracubierta. | ||
| 504 | _aBibliografía : p. 63-64 | ||
| 590 | _aInventariado, 2018/LP | ||
| 650 | 4 |
_aVentas condicionales _935628 |
|
| 650 | 4 |
_aImpuestos sobre las ventas _935629 |
|
| 650 | 4 |
_aImpuestos diferidos _935630 |
|
| 650 | 4 |
_aVentas _xContabilidad _935631 |
|
| 650 | 4 |
_aImpuestos sobre la renta _zRepública Dominicana _xContabilidad _935632 |
|
| 700 | 1 |
_aCruz R., Miguel Bienvenido, _epról. _935633 |
|
| 910 | _aValidado. Control de calidad EMS. | ||
| 999 |
_c15371 _d15371 |
||